[Event "Sochi ChessAmateur op10"]
[Site "Sochi"]
[Date "2018.10.15"]
[Round "6"]
[White "Egorov, Konstantin"]
[Black "Pshmahov, Osman"]
[Result "0-1"]
[WhiteElo "2199"]
[BlackElo "2011"]
[PlyCount "94"]
[EventDate "2018.10.12"]
[EventType "swiss"]
[EventRounds "9"]
[EventCountry "RUS"]
[SourceTitle "CBM 187 Extra"]
[Source "ChessBase"]
[SourceDate "2018.11.04"]
[SourceVersion "1"]
[SourceVersionDate "2018.11.04"]
[SourceQuality "1"]

1. d4 Nf6 2. c4 e6 3. Nf3 d5 4. cxd5 exd5 5. Nc3 c6 6. Qc2 Be7 7. Bg5 0-0 8. e3 h6 9. Bh4 Be6 10. Bd3 Nbd7 11. 0-0 Rc8 12. Na4 Re8 13. Nc5 Bg4 14. Nxb7 Qb6 15. Bxf6 gxf6 16. Nc5 Bxc5 17. dxc5 Qxc5 18. Nd4 Qxc2 19. Bxc2 Ne5 20. h3 c5 21. hxg4 cxd4 22. Bf5 Rc4 23. b3 Rb4 24. exd4 Rxd4 25. Rad1 Rxd1 26. Rxd1 Rd8 27. f4 Nc6 28. Rc1 Rd6 29. Kf2 Kg7 30. g3 d4 31. a3 Na5 32. b4 Nb3 33. Rd1 Ra6 34. Rd3 Rxa3 35. Kf3 Kf8 36. Ke4 a5 37. b5 Nc5+ 38. Kxd4 Nxd3 39. Bxd3 Ke7 40. Bc4 Kd6 41. Bxf7 Rxg3 42. Ke4 Rxg4 43. Kf5 Rh4 44. Bb3 Kc5 45. Ba4 h5 46. Ke4 Rh2 47. Kf5 Rf2 0-1

[Event "Sochi ChessAmateur op10"]
[Site "Sochi"]
[Date "2018.10.14"]
[Round "4"]
[White "Egorov, Konstantin"]
[Black "Seregina, Maria"]
[Result "1-0"]
[WhiteElo "2199"]
[BlackElo "1923"]
[PlyCount "69"]
[EventDate "2018.10.12"]
[EventType "swiss"]
[EventRounds "9"]
[EventCountry "RUS"]
[SourceTitle "CBM 187 Extra"]
[Source "ChessBase"]
[SourceDate "2018.11.04"]
[SourceVersion "1"]
[SourceVersionDate "2018.11.04"]
[SourceQuality "1"]

1. d4 g6 2. c4 Bg7 3. Nc3 c5 4. d5 Bxc3+ 5. bxc3 f5 6. h4 Nf6 7. h5 Rg8 8. h6 Qa5 9. Qc2 d6 10. Rb1 Qa6 11. e3 Nbd7 12. Nf3 Nb6 13. Ng5 Bd7 14. Rh4 0-0-0 15. f3 Rdf8 16. Bd3 Rh8 17. Bd2 Ba4 18. Qb2 Nfd7 19. f4 Nf6 20. Be2 Kd7 21. g4 fxg4 22. e4 Rb8 23. e5 Nxc4 24. exf6 Nxb2 25. Rxb2 exf6 26. Bxa6 fxg5 27. Rxg4 bxa6 28. Rxb8 Rxb8 29. fxg5 Bc2 30. Rf4 Bf5 31. Kf2 Rb2 32. Ke3 Rxa2 33. Rxf5 Rxd2 34. Kxd2 gxf5 35. g6 1-0

[Event "Prague Summer op 4th"]
[Site "Prague"]
[Date "2017.08.11"]
[Round "9"]
[White "Aliyev, Ravan"]
[Black "Egorov, Konstantin"]
[Result "1-0"]
[WhiteElo "2346"]
[BlackElo "2180"]
[PlyCount "99"]
[EventDate "2017.08.04"]
[EventType "swiss"]
[EventRounds "9"]
[EventCountry "CZE"]
[SourceTitle "CBM 179 Extra"]
[Source "ChessBase"]
[SourceDate "2017.08.23"]
[SourceVersion "1"]
[SourceVersionDate "2017.08.23"]
[SourceQuality "1"]

1. d4 Nf6 2. c4 e6 3. Nf3 b6 4. a3 Ba6 5. Qc2 d5 6. cxd5 exd5 7. Bg5 Be7 8. Nc3 0-0 9. Bxf6 Bxf6 10. e3 Bb7 11. Bd3 h6 12. 0-0 Nd7 13. Rfd1 Rc8 14. Qe2 c5 15. Ba6 Qc7 16. Bxb7 Qxb7 17. dxc5 Bxc3 18. bxc3 Rxc5 19. Nd4 Nf6 20. Nf5 Qc7 21. Nd4 Rc8 22. Nb5 Qe7 23. a4 Rc4 24. h3 a6 25. Nd4 g6 26. Rdb1 Qd6 27. Rb3 Ne4 28. Qb2 Rb8 29. Rb1 Rxa4 30. f3 Ng5 31. Rxb6 Nxh3+ 32. gxh3 Rxb6 33. Qxb6 Qg3+ 34. Kf1 Kh7 35. Qf6 Qc7 36. Qc6 Qxc6 37. Nxc6 Rc4 38. Nb4 Rxc3 39. Nxd5 Rd3 40. Nf6+ Kg7 41. Ke2 Ra3 42. Ne4 Ra2+ 43. Nd2 g5 44. Rb6 Ra1 45. Nc4 Rh1 46. Nd6 Rxh3 47. Nf5+ Kh7 48. Rxa6 h5 49. Kf2 Rh2+ 50. Kg3 1-0

[Event "Prague Summer op 4th"]
[Site "Prague"]
[Date "2017.08.08"]
[Round "6"]
[White "Nitish, Belurkar"]
[Black "Egorov, Konstantin"]
[Result "1/2-1/2"]
[WhiteElo "2269"]
[BlackElo "2180"]
[PlyCount "55"]
[EventDate "2017.08.04"]
[EventType "swiss"]
[EventRounds "9"]
[EventCountry "CZE"]
[SourceTitle "CBM 179 Extra"]
[Source "ChessBase"]
[SourceDate "2017.08.23"]
[SourceVersion "1"]
[SourceVersionDate "2017.08.23"]
[SourceQuality "1"]

1. e4 c5 2. c3 d5 3. exd5 Qxd5 4. d4 Nc6 5. Nf3 Bf5 6. Be3 Nf6 7. Na3 e6 8. Bc4 Qe4 9. Nb5 Rc8 10. 0-0 a6 11. Ng5 Qh4 12. Be2 Ng4 13. Bxg4 Bxg4 14. f3 axb5 15. fxg4 Bd6 16. g3 Bxg3 17. Qe2 cxd4 18. cxd4 Nxd4 19. Bxd4 Bxh2+ 20. Qxh2 Qxg4+ 21. Kh1 Qxg5 22. Rad1 Qd5+ 23. Kg1 Qg5+ 24. Kh1 Qg4 25. Qd6 Qh3+ 26. Kg1 Qg4+ 27. Kh1 Qh3+ 28. Kg1 1/2-1/2

[Event "Prague Summer op 4th"]
[Site "Prague"]
[Date "2017.08.05"]
[Round "2"]
[White "Nasanjargal, Urtnasan"]
[Black "Egorov, Konstantin"]
[Result "1-0"]
[WhiteElo "2419"]
[BlackElo "2180"]
[PlyCount "55"]
[EventDate "2017.08.04"]
[EventType "swiss"]
[EventRounds "9"]
[EventCountry "CZE"]
[SourceTitle "CBM 179 Extra"]
[Source "ChessBase"]
[SourceDate "2017.08.23"]
[SourceVersion "1"]
[SourceVersionDate "2017.08.23"]
[SourceQuality "1"]

1. d4 Nf6 2. c4 e6 3. g3 d5 4. Nf3 Be7 5. Bg2 0-0 6. 0-0 dxc4 7. Qc2 a6 8. a4 Bd7 9. Qxc4 Bb5 10. Qc2 Bc6 11. Bf4 a5 12. Nc3 Na6 13. e4 Nb4 14. Qe2 Nh5 15. Be3 Nf6 16. Ne5 Be8 17. Rfd1 Nd7 18. Nc4 Ra6 19. Nb5 c6 20. Nbd6 Qa8 21. h4 Nb6 22. Nxb6 Rxb6 23. d5 c5 24. Nc4 Qa6 25. Bf1 exd5 26. exd5 Rg6 27. h5 Rg5 28. d6 1-0

[Event "Boeblinger op 31st"]
[Site "Boeblingen"]
[Date "2014.12.26"]
[Round "1"]
[White "Egorov, Konstantin"]
[Black "Lanka, Zigurds"]
[Result "0-1"]
[WhiteElo "2089"]
[BlackElo "2437"]
[PlyCount "128"]
[EventDate "2014.12.26"]
[EventType "swiss"]
[EventRounds "9"]
[EventCountry "GER"]
[SourceTitle "CBM 164 Extra"]
[Source "ChessBase"]
[SourceDate "2015.03.02"]
[SourceVersion "1"]
[SourceVersionDate "2015.03.02"]
[SourceQuality "1"]

1. d4 Nf6 2. c4 c5 3. d5 b5 4. cxb5 a6 5. b6 g6 6. Nc3 Qxb6 7. Nf3 Bg7 8. Nd2 d6 9. e4 Nbd7 10. Nc4 Qc7 11. a4 0-0 12. Be2 Nb6 13. Na3 Bb7 14. a5 Nc8 15. Nc4 e6 16. 0-0 exd5 17. exd5 Ne7 18. Bf4 Rad8 19. Ne3 Rfe8 20. Bc4 Nh5 21. Bg5 h6 22. Bxe7 Qxe7 23. Nf5 Qg5 24. Nxg7 Nxg7 25. Qd3 Nh5 26. Qf3 Re5 27. Rae1 Rde8 28. Re4 Kg7 29. Rfe1 Nf6 30. Rxe5 Rxe5 31. Rxe5 Qxe5 32. Qe3 Qf5 33. Qd3 Qf4 34. Ne2 Qe5 35. Nc3 Qe1+ 36. Qf1 Qd2 37. h3 Qxb2 38. Qd3 Bc8 39. g4 h5 40. gxh5 Qc1+ 41. Kg2 Nxh5 42. Ne2 Qg5+ 43. Kf1 Qh4 44. Bxa6 Bxh3+ 45. Ke1 Bf5 46. Qc3+ Kh7 47. Bc4 Nf6 48. Ng3 Be4 49. Qb3 Qf4 50. Nxe4 Nxe4 51. Qe3 Qe5 52. Kf1 f5 53. a6 Kg7 54. Kg2 f4 55. Qh3 Qd4 56. Qd7+ Kh6 57. Qh3+ Kg5 58. Qf3 Qxc4 59. a7 Qxd5 60. Kh3 Qb7 61. Qg4+ Kh6 62. Qxf4+ Kg7 63. f3 Nf6 64. Qxd6 Qxa7 0-1

[Event "Prague op-A 13th"]
[Site "Prague"]
[Date "2014.01.14"]
[Round "6"]
[White "Konvalinka, Vladislav"]
[Black "Egorov, Konstantin"]
[Result "0-1"]
[WhiteElo "1887"]
[BlackElo "2030"]
[PlyCount "54"]
[EventDate "2014.01.10"]
[EventType "swiss"]
[EventRounds "9"]
[EventCountry "CZE"]
[SourceTitle "CBM 158 Extra"]
[Source "ChessBase"]
[SourceDate "2014.02.28"]
[SourceVersion "1"]
[SourceVersionDate "2014.02.28"]
[SourceQuality "1"]

1. d4 Nf6 2. c4 e6 3. Nc3 Bb4 4. a3 Bxc3+ 5. bxc3 c5 6. e3 Nc6 7. Bd3 e5 8. Ne2 e4 9. Bb1 b6 10. Ng3 Ba6 11. Qa4 Na5 12. Nxe4 Nxe4 13. Bxe4 Rc8 14. Bd5 cxd4 15. cxd4 Bxc4 16. Bxc4 Rxc4 17. Qd1 d5 18. Bd2 Nb7 19. 0-0 Qd7 20. Qb3 0-0 21. Qd3 Rfc8 22. f4 f5 23. Rf3 Nd6 24. Rh3 Ne4 25. Qe2 Rc2 26. Rd1 Rxd2 27. Rxd2 Rc1+ 0-1

[Event "Prague op-A 13th"]
[Site "Prague"]
[Date "2014.01.10"]
[Round "1"]
[White "Plischki, Sebastian"]
[Black "Egorov, Konstantin"]
[Result "1-0"]
[WhiteElo "2440"]
[BlackElo "2030"]
[PlyCount "89"]
[EventDate "2014.01.10"]
[EventType "swiss"]
[EventRounds "9"]
[EventCountry "CZE"]
[SourceTitle "CBM 158 Extra"]
[Source "ChessBase"]
[SourceDate "2014.02.28"]
[SourceVersion "1"]
[SourceVersionDate "2014.02.28"]
[SourceQuality "1"]

1. c4 c5 2. Nc3 Nf6 3. g3 e6 4. Nf3 d5 5. cxd5 exd5 6. d4 Nc6 7. Bg2 Be7 8. 0-0 0-0 9. dxc5 Bxc5 10. a3 a5 11. Bg5 Be6 12. Rc1 Be7 13. Nd4 h6 14. Be3 Bg4 15. h3 Be6 16. Na4 Ra6 17. Nxc6 Rxc6 18. Rxc6 bxc6 19. Qc2 Qc8 20. Nb6 Qa6 21. Rc1 c5 22. Bxc5 Bxc5 23. Qxc5 Qxe2 24. Qd4 Ne4 25. Bf1 Qh5 26. h4 Qf3 27. Rc2 Qb3 28. Bd3 Rb8 29. Nxd5 Nxf2 30. Ne7+ Kf8 31. Qd6 Qxd3 32. Qxb8+ Kxe7 33. Rxf2 a4 34. Qb4+ Qd6 35. Rd2 Qxb4 36. axb4 Bc4 37. Kf2 Ke6 38. Ke3 Ke5 39. Rd7 g5 40. Rc7 Bd5 41. b5 Kd6 42. b6 Be6 43. Kd4 Bd7 44. Rc5 Bc6 45. hxg5 1-0

[Event "Moscow op-A"]
[Site "Moscow"]
[Date "2012.02.01"]
[Round "5"]
[White "Mikheev, Stanislav Valerievi"]
[Black "Egorov, Konstantin"]
[Result "1-0"]
[WhiteElo "2259"]
[BlackElo "2081"]
[PlyCount "59"]
[EventDate "2012.01.28"]
[EventType "swiss"]
[EventRounds "9"]
[EventCountry "RUS"]
[SourceTitle "CBM 146 Extra"]
[Source "ChessBase"]
[SourceDate "2012.02.29"]
[SourceVersion "1"]
[SourceVersionDate "2012.02.29"]
[SourceQuality "1"]

1. d4 Nf6 2. c4 e6 3. Nf3 d5 4. g3 Be7 5. Bg2 0-0 6. 0-0 dxc4 7. Qc2 a6 8. Qxc4 b5 9. Qc2 Bb7 10. Bd2 Nbd7 11. Ba5 Rc8 12. Nbd2 Qe8 13. b4 Bd6 14. e4 e5 15. Rfe1 Qe7 16. a3 Rfe8 17. Bh3 Qf8 18. Rad1 exd4 19. e5 Bxe5 20. Nxe5 Rxe5 21. Rxe5 Nxe5 22. Bxc8 Bxc8 23. Qxc7 Ng6 24. Nb3 Nd5 25. Qd8 Nc3 26. Re1 Qxd8 27. Bxd8 Be6 28. Nxd4 Nf8 29. Rc1 Nd5 30. Rc6 1-0

[Event "Moscow-ch U18"]
[Site "Moscow"]
[Date "2010.11.28"]
[Round "4"]
[White "Egorov, Konstantin"]
[Black "Apryshko, Gleb"]
[Result "0-1"]
[WhiteElo "2037"]
[BlackElo "2295"]
[PlyCount "88"]
[EventDate "2010.11.21"]
[EventType "swiss"]
[EventRounds "9"]
[EventCountry "RUS"]
[SourceTitle "EXT 2012"]
[Source "ChessBase"]
[SourceDate "2011.11.24"]
[SourceVersion "1"]
[SourceVersionDate "2011.11.24"]
[SourceQuality "1"]

1. d4 Nf6 2. c4 g6 3. Nc3 Bg7 4. e4 0-0 5. Nf3 d6 6. Be2 e5 7. 0-0 Nc6 8. d5 Ne7 9. Ne1 Nd7 10. Nd3 f5 11. Bd2 Nf6 12. f3 f4 13. g4 g5 14. Be1 h5 15. h3 Kf7 16. Bf2 Rh8 17. Kg2 Ng6 18. Rh1 hxg4 19. hxg4 Nh4+ 20. Bxh4 gxh4 21. c5 h3+ 22. Rxh3 Rxh3 23. Kxh3 Nh5 24. Qg1 Qg5 25. cxd6 cxd6 26. Nb5 Ng3 27. Nxd6+ Kg6 28. Re1 Bxg4+ 29. fxg4 Rh8+ 30. Kg2 Nxe2 31. Rxe2 f3+ 32. Kxf3 Rh3+ 33. Kf2 Qh4+ 34. Kf1 Rxd3 35. Rh2 Qf6+ 36. Ke1 Qxd6 37. Ke2 Qa6 38. Qf2 Rc3+ 39. Ke1 Rc1+ 40. Kd2 Rf1 41. Qh4 Qa5+ 42. Ke2 Qb5+ 43. Ke3 Qc5+ 44. Kd3 Rd1+ 0-1